000 00394nam a2200169Ia 4500
001 4776
003 IN-NITTTR
005 20251114233003.0
008 251113s9999||||xx |||||||||||||| ||eng||
040 _beng
040 _cIN-NITTTR
041 _aeng
082 _a621.374 H192E
100 _aHandscombe, E.
245 0 _aElectrical measuring instruments. /
_cHandscombe, E.
942 _2ddc
_cBK
999 _c7413
_d7413